MDQL
is popping MORE tags! Check the
thread
!
Quizzes
Events
Quiz Creation
Community
Videos
Private Events
Remove Ads
Sign In
Join for FREE
Feedback
Dark Mode
Quiz Categories
Sports
Geography
Music
Movies
Television
Just For Fun
Miscellaneous
History
Literature
Language
Science
Gaming
Entertainment
Religion
Holiday
For Kids
Quiz Lab
Recent
Popular Today
Quiz Kudos Today
Editor Picks
Curator Picks
Quizzes by...
Day
Popularity
Type
Ratings
Length
Year
Community
Subscriptions
Recent Discussions
Orange Saloon
Badges
Playlists
Quests
Create
Leaderboards
Showdown
Live 5
Trivia Bingo
Activity
Puzzle Library
Sporcle Events
Private Events
Virtual Trivia
Globe League
Become a Host
Pub Owners
SporcleCon
Opinionation
Our Games
Videos
Blog
Mobile Apps
Partnerships
Remove Ads and Go Orange
Feedback
Music
Pop Music
The Beatles
Song
Album
Lyrics
Bands
Singers
Artist
Clip
Rock
Rap
Classical
Billboard
Country Music
Kpop
Taylor Swift
Music
Pop Music
The Beatles
Song
Album
Lyrics
Bands
Singers
Artist
Clip
Rock
Rap
Classical
Billboard
Country Music
Kpop
Taylor Swift
Random Quiz
Search Sporcle
×
Quiz Lab
Quiz Lab
Music
Misery
Type in answers that appear in a list
Type in answers that appear in a list
Classic
Best Score? Go Orange.
'Misery' Maroon 5 lyrics Stats
Can you name the 'Misery' Maroon 5 lyrics?
By
jam98
6m
283 Questions
1,523 Plays
1,523 Plays
1,523 Plays
Comments
Comments
Give Quiz Kudos
Give Quiz Kudos
-
- Ratings
hide this ad
Replay
Link that replays current quiz
Next Quiz
Link to next quiz in quiz playlist
You Got
0%
They Got
Avg Score
81%
Avg Friend Score
Upgrade to see
Score Distribution
Jump to the score distribution portion of the page
Score
0/283
Timer
06:00
0
Plays Today
% Correct
I
99.1%
I
99.1%
I
99.1%
I
99.1%
I
99.1%
I
99.1%
I
99.1%
I
99.1%
I
99.1%
I
99.1%
I
99.1%
misery
97%
misery
97%
misery
97%
you
96.5%
you
96.5%
you
96.5%
you
96.5%
You
96.5%
you
96.5%
you
96.5%
you
96.5%
you
96.5%
you
96.5%
You
96.5%
you
96.5%
you
96.5%
You
96.5%
you
96.5%
you
96.5%
you
96.5%
you
96.5%
you
96.5%
you
96.5%
you
96.5%
you
96.5%
you
96.5%
in
96%
in
96%
in
96%
in
96%
me
95.8%
me
95.8%
me?
95.8%
me
95.8%
me
95.8%
me
95.8%
me
95.8%
me
95.8%
me?
95.8%
me
95.8%
me
95.8%
me
95.8%
me
95.8%
me,
95.8%
me,
95.8%
me,
95.8%
me,
95.8%
me,
95.8%
me,
95.8%
me
95.8%
me?
95.8%
me
95.8%
am
95.3%
The
95.3%
The
95.3%
am
95.3%
The
95.3%
the
95.3%
am
95.3%
The
95.3%
won't
92.1%
won't
92.1%
won't
92.1%
won't
92.1%
won't
92.1%
won't
92.1%
can
91.3%
can
91.3%
can
91.3%
And
91%
And
91%
Why
91%
and
91%
And
91%
And
91%
Why
91%
And
91%
and
91%
and
91%
Why
91%
Why
91%
Why
91%
Why
91%
Why
91%
% Correct
is
90.8%
is
90.8%
is
90.8%
is
90.8%
ain't
90.7%
ain't
90.7%
ain't
90.7%
be
90.4%
be
90.4%
be
90.4%
be
90.4%
There
90.3%
there
90.3%
there,
90.3%
There
90.3%
So
90.1%
so
90.1%
So
90.1%
So
90.1%
So
90.1%
nobody
89.4%
nobody
89.4%
nobody
89.4%
killing
89.2%
killing
89.2%
killing
89.2%
who
88.9%
who
88.9%
who
88.9%
answer
88.5%
answer
88.5%
answer
88.5%
answer
88.5%
answer
88.5%
answer
88.5%
answer
88.5%
comfort
87.7%
comfort
87.7%
comfort
87.7%
it
87.3%
it
87.3%
It
87.3%
it
87.3%
slowly
86.8%
slowly
86.8%
slowly
86.8%
let
86.4%
let
86.4%
let
86.4%
let
86.4%
silence
86%
silence
86%
silence
86%
to
83.7%
To
83.7%
to
83.7%
to
83.7%
to
83.7%
That
83.4%
that
83.4%
that
83.4%
I'm
83%
I'm
83%
I'm
83%
I'm
83%
I'm
83%
I'm
83%
yeah?
82.5%
yeah?
82.5%
yeah?
82.5%
yeah?
82.5%
got
82.2%
got
82.2%
got
82.2%
got
82.2%
get
82.1%
get
82.1%
get
82.1%
get
82.1%
back
81.6%
back
81.6%
back
81.6%
back
81.6%
I'll
80.5%
I'll
80.5%
really
80.2%
really
80.2%
really
80.2%
really
80.2%
gonna
80%
gonna
80%
gonna
80%
gonna
80%
free
79.1%
free
79.1%
% Correct
set
78.9%
set
78.9%
bad
78.4%
bad
78.4%
bad
78.4%
bad
78.4%
will
77.3%
of
77.1%
do
75.9%
do
75.9%
do
75.9%
do
75.9%
do
75.9%
do
75.9%
never
75.6%
what
75.4%
what
75.4%
what
75.4%
what
75.4%
Your
74.7%
your
74.7%
letters
74.4%
hundred
74%
send
73.6%
wrote
73.4%
breaking
71%
bend
71%
scared
70.7%
Girl,
69.7%
Girl,
69.6%
It's
69.5%
It's
69.5%
It's
69.5%
know
68.8%
Not
68.4%
not
68.4%
they
68.3%
two
68.1%
up
67.5%
than
66.9%
seem
66.2%
are
66.1%
didn't
66.1%
didn't
66.1%
didn't
66.1%
didn't
66.1%
them
66%
feel,
66%
I'd
65.6%
much
65.3%
deeper
64.4%
rather
64.2%
rather
64.2%
with
64.2%
mine
64.1%
cover
63.4%
show
63.3%
way
61.8%
You'd
61.7%
care
61.7%
care
61.7%
these
60.9%
cuts
60.7%
mixes
59.7%
completely
59.4%
Sometimes
58.2%
feels
58%
skin
57.2%
for
57.2%
intertwined
56.9%
don't
56.7%
from
56.1%
say
54.5%
how
53.2%
have
52.6%
confused
52.1%
away
52%
bleed
51.6%
far
51.6%
mistaken
51.5%
desperate
49.5%
faith
49.1%
where
49.1%
salty
48.8%
waiting
46.9%
awake
46.5%
wide
46.3%
sun
45.9%
keep
45.7%
may
44.3%
shaken
42.5%
run
39.6%
getting
32.1%
Quiz Playlist
Details
Report
Send in Message
Add To Playlist
Classic:
Type in answers that appear in a list
Quiz Source
Last Updated: Feb 16, 2017
Quiz Scoreboard
CHALLENGE
Sign Up to Join the Scoreboard
Show All
Scores
Hide
Comments
May contain spoilers
Recently Published
Colored Red Africa Blitz
by spor1
Geography
30s
Find the 'City' Movie
by crazypaving
Movies
60s
5x2 Blitz: Bands
by SL_Kpop136
Music
30s
More to Explore
Quiz From the Vault
Featured Blog Post
14 Easter Pick-up Lines to Find Eggs With
hide this ad
You Might Also Like...
Tags
maroon
Misery
Today's Top Quizzes in Music
Browse Music
hide this ad
Top Contributed Quizzes in Music
1
5X2 Blitz: Bands II
2
Taylor Swift Logic Puzzle II
3
Taylor Swift All Songs (2024)
4
5X2 Blitz: The Beatles
5
5X2 Blitz: Billboard
6
5X2 Blitz: Singers
7
5X2 Blitz: Album
8
5X2 Blitz: Rock
9
Music Artist by Three 2010s hits
10
5X2 Blitz: Billboard II
Explore More
Trending Topics
Marvel
Crossword
NBA
Kpop
Disney
Harry Potter
Anime
Pokémon
Song
NFL
Soccer
The Office
Country
WWE
Puzzle
hide this ad
More By:
jam98
Quiz
Plays
Rating
Category
Featured
Created
'Electric Feel' lyrics by MGMT
470
4.50
Music
Jun 2, 2013
High School Musical 2 'Everyday' Lyrics
10,253
4.86
Music
Jul 7, 2013
Bastille 'Pompeii' lyrics
6,459
4.41
Music
May 7, 2013
'This Love' Maroon 5 lyrics
5,104
4.57
Music
Jun 5, 2013
Zlatan Ibrahimovic's Clubs
2,186
4.15
Sports
Jul 14, 2012
'Young Volcanoes' Lyrics
2,068
5.00
Music
Jul 7, 2013
Go to Creator's Profile
Score Distribution
Quiz Creator Spotlight
jam98
Follow
Send a Message
Quizzes Created
-
Created Quiz Play Count
-
More By This Creator
Popular Quizzes Today
1
Find the 'City' Movie
2
5x2 Blitz: Bands
3
Colored Red Africa Blitz
4
Find the US States - No Outlines Minefield
5
The Countries of the World
6
Find the US States
7
9x9 Crossword: Cartoon Network
8
US States
More Music Quizzes
Wasting Time in the '80s
Published
Trending Quizzes
Colored Red Europe Blitz I
Colored Red Africa Blitz II
Colored Red Europe Blitz III
Colored Red Europe Blitz II
Colored Red Africa Blitz III
Recently Updated
Champions League XIs: Real Madrid
pecheneg
Largest US Cities 1790-2010
pecheneg
Rides in Walt Disney World
pecheneg
Most Oscar Losses (Acting)
pecheneg
Beyoncé Albums
pecheneg
Leaping Animals
pecheneg
Reality TV Shows (A-Z)
bhenderson79
Rickey Henderson's Hall of Fame Teammates
pecheneg
Champions League XIs: Arsenal
pecheneg
Quick Pick: Celebrities in WWE's Hall of Fame
aduchscher
Trending Topics
Disney
Harry Potter
NBA
Marvel
Kpop
Crossword
Anime
NFL
The Office
Country
Puzzle
Soccer
Song
Pokémon
WWE
Your Account Isn't Verified!
In order to create a playlist on Sporcle, you need to verify the email address you used during registration. Go to your
Sporcle Settings
to finish the process.
Report this User
Report this user for behavior that violates our
Community Guidelines
.
Details:
Send Report
Go to the Sporcle.com Mobile Site →
Comments